000 00454cam a2200193 4500
001 D3427
008 090401t1981 xxu||||| |||| 00| 0 eng d
035 _a(Sirsi) u73275
041 _aeng
050 _a692.8
100 _aElliott, Robert Fenwick
245 _aBuilding Contract litigation
260 _aLondon
_bOyez Publishing
_c1981
300 _axvii. 186p. 21cm
350 _a9.5
520 _aShelf 115
942 _n0
948 _c04/03/1997
999 _c95568
_d95568